000 00482nam a2200193Ia 4500
005 20240823014003.0
008 240823s9999||||xx |||||||||||||| ||und||
020 _a81-242-0545-0
041 _aENGLISH
082 _A658.3124 P5
100 _a"Fletcher,Shirley"
245 0 _aCompetence - Based Assesment Techniques in Training
250 _a1st
260 _c2005
_b"Crest,New "
500 _aYES
650 _aTraining
_bManagement Studies
942 _cBK
999 _c168795
_d168795